Disney Movies by Release Date 1937-2002 - Statistics

General Stats
  • This quiz has been taken 21 times
  • The average score is 22 of 43
Answer Stats
Hint Answer % Correct
1937 Snow White
94%
1950 Cinderella
88%
1959 Sleeping Beauty
88%
1989 The Little Mermaid
88%
1992 Aladdin
82%
1940 Fantasia
82%
1991 Beauty and the Beast
76%
1998 Mulan
76%
1994 The Lion King
76%
1951 Alice in Wonderland
71%
1952 Peter Pan
71%
1941 Dumbo
65%
1942 Bambi
59%
1997 Hercules
59%
1967 Jungle Book
59%
1955 Lady and the Tramp
59%
1996 The Hunchback of Notre Dame
59%
1961 101 Dalmatians
53%
1970 Aristocats
53%
2002 Lilo and Stitch
53%
1939 Pinnochio
53%
1999 Tarzan
53%
2000 Fantasia 2000
47%
1973 Robin Hood
47%
1963 Sword in the Stone
47%
1981 The Fox and the Hound
47%
1977 The Rescuers
47%
2001 Atlantis
41%
2000 Dinosaur
41%
1990 Rescuers Down Under
41%
1985 The Black Cauldron
41%
1946 Make Mine Music
35%
1948 Melody Time
35%
1986 The Great Mouse Detective
35%
2002 Treasure Planet
35%
1943 Saludos Amigos
29%
1988 Oliver and Company
24%
1945 Three Caballeros
24%
2002 Brother Bear
18%
1947 Fun and Fancy Free
18%
2000 Emporers New Groove
12%
1995 Pocahantas
12%
1949 Ichabob and Mr Toad
6%
No matching quizzes found
Score Distribution
Percent of People with Each Score
Percentile by Number Answered
Your Score History
You have not taken this quiz